000 00350nam a2200121 4500
008 180219b xxu||||| |||| 00| 0 eng d
100 _926669
_aOng, Ghio
245 _aDeadly but legal drugs seized from promoter- NBI
_cGhio Ong
260 _aPhilippines
_bThe Philippine Star
_cc2016
300 _apage 19.
650 0 _926670
_aDrugs.
942 _2ddc
_cPER
999 _c8760
_d8760